[Event "2BLO 1718 Nickelhütte Aue - SC Garching"]
[Site "?"]
[Date "2018.02.25"]
[Round "10.4"]
[White "Slobodjan, Roman"]
[Black "Bredl, Harald"]
[Result "1-0"]
[WhiteElo "2475"]
[BlackElo "2307"]
[PlyCount "47"]
[EventDate "2018.??.??"]

1. e4 e6 2. d4 d5 3. Nd2 h6 4. Ngf3 Nf6 5. Bd3 c5 6. exd5 exd5 7. c3 Qe7+ 8.
Ne5 Ng4 9. O-O Nxe5 10. dxe5 Nc6 11. f4 g5 12. c4 gxf4 13. cxd5 Nxe5 14. Nc4
Bg7 15. Qa4+ Bd7 16. Qb3 O-O-O 17. Bxf4 Nxc4 18. Bxc4 Qf6 19. Bg3 Qd4+ 20. Kh1
Rhg8 21. Ba6 Qb4 22. Qxb4 cxb4 23. Rac1+ Bc6 24. Rxc6+ 1-0

[Event "2BLO 1718 Nickelhütte Aue - SC Garching"]
[Site "?"]
[Date "2018.02.25"]
[Round "10.5"]
[White "Koepke, Christian"]
[Black "Gaponenko, Inna"]
[Result "1-0"]
[WhiteElo "2327"]
[BlackElo "2410"]
[PlyCount "81"]
[EventDate "2018.??.??"]

1. e4 g6 2. d4 Bg7 3. Nc3 c6 4. Nf3 d6 5. h3 Nf6 6. Bd3 O-O 7. Be3 b5 8. a4 b4
9. Ne2 Nbd7 10. Ng3 e5 11. dxe5 dxe5 12. O-O Qe7 13. Qe1 a5 14. Nd2 Nc5 15. Bc4
h5 16. f3 h4 17. Ne2 Nh5 18. Qf2 Nb7 19. Rfd1 g5 20. Nc1 Nf4 21. Kh2 Rd8 22.
Ncb3 Bf8 23. Bf1 Be6 24. Nc4 Rxd1 25. Rxd1 f6 26. Bb6 Kh7 27. Nbxa5 Nxa5 28.
Nxa5 c5 29. Bb5 Qf7 30. Nc6 c4 31. Nd8 Qe7 32. Nxe6 Qxe6 33. Bd7 Qg8 34. a5 Kh6
35. Bc6 Rb8 36. a6 Be7 37. a7 Rc8 38. Bb7 Ra8 39. Rd7 Ng6 40. Qd2 Rxa7 41. Bxa7
1-0

[Event "2BLO 1718 Nickelhütte Aue - SC Garching"]
[Site "?"]
[Date "2018.02.25"]
[Round "10.6"]
[White "Spiess, Gunter"]
[Black "Hess, Max"]
[Result "1/2-1/2"]
[WhiteElo "2428"]
[BlackElo "2340"]
[PlyCount "71"]
[EventDate "2018.??.??"]

1. d4 Nf6 2. Nf3 g6 3. Bf4 Bg7 4. e3 O-O 5. Be2 d6 6. h3 c5 7. c3 b6 8. O-O Bb7
9. Bh2 Nbd7 10. Nbd2 Rc8 11. a4 cxd4 12. exd4 a6 13. Re1 Re8 14. Bc4 Bh6 15.
Qb3 d5 16. Bd3 Nh5 17. Rad1 Nf4 18. Bf1 Nf6 19. Ne5 e6 20. Ndf3 g5 21. Nd3 Ne4
22. Nfe5 Ng6 23. Nxg6 hxg6 24. Ne5 Bf8 25. f3 Nd6 26. Bd3 Nf5 27. Ng4 f6 28.
Re2 Kf7 29. Rde1 Bd6 30. Bxd6 Qxd6 31. a5 b5 32. Bxf5 gxf5 33. Nf2 Re7 34. Nd3
Rh8 35. Qb4 Qg3 36. Nf2 1/2-1/2

[Event "2BLO 1718 Nickelhütte Aue - SC Garching"]
[Site "?"]
[Date "2018.02.25"]
[Round "10.7"]
[White "Pitschka, Claus"]
[Black "Langrock, Hannes"]
[Result "1/2-1/2"]
[WhiteElo "2259"]
[BlackElo "2394"]
[PlyCount "37"]
[EventDate "2018.??.??"]

1. d4 Nf6 2. Bf4 d5 3. e3 c5 4. c3 Nc6 5. Nd2 e6 6. Bd3 Bd6 7. Bxd6 Qxd6 8. f4
cxd4 9. cxd4 Bd7 10. a3 Ne7 11. Ngf3 Qb6 12. Qb3 Qxb3 13. Nxb3 O-O 14. Ne5 Rfc8
15. Kd2 Rc7 16. Rac1 Rac8 17. Rxc7 Rxc7 18. Rc1 Rxc1 19. Nxc1 1/2-1/2

[Event "2BLO 1718 Nickelhütte Aue - SC Garching"]
[Site "?"]
[Date "2018.02.25"]
[Round "10.8"]
[White "Eichner, Sebastian"]
[Black "Schoellmann, Jochen"]
[Result "1-0"]
[WhiteElo "2364"]
[BlackElo "2221"]
[PlyCount "77"]
[EventDate "2018.??.??"]

1. d4 d5 2. c4 c6 3. Nc3 Nf6 4. Nf3 dxc4 5. a4 Bf5 6. Ne5 Nbd7 7. Nxc4 Qc7 8.
g3 e5 9. dxe5 Nxe5 10. Bf4 Nfd7 11. Bg2 f6 12. O-O g5 13. Nxe5 Nxe5 14. Be3 Qa5
15. Ne4 Bxe4 16. Bxe4 Bc5 17. Qb3 O-O-O 18. Qe6+ Nd7 19. b4 Rhe8 20. Qxe8 Rxe8
21. bxa5 Rxe4 22. Bxc5 Nxc5 23. Ra2 Nxa4 24. Rc1 Kc7 25. f3 Rb4 26. Rac2 c5 27.
Rc4 Kd6 28. Rxb4 cxb4 29. Rc4 Nc5 30. Rxb4 Kc6 31. Kf2 b5 32. axb6 axb6 33. Ke3
Ne6 34. Ke4 Kc5 35. Rb1 b5 36. Kf5 Nd4+ 37. Kxf6 Nxe2 38. Kxg5 Nc3 39. Re1 1-0

[Event "2BLO 1718 Bindlach-Aktionär - SC NT Nür"]
[Site "?"]
[Date "2018.02.25"]
[Round "10.1"]
[White "Maximov, Dmitry"]
[Black "Petr, Martin"]
[Result "1-0"]
[WhiteElo "2472"]
[BlackElo "2469"]
[PlyCount "85"]
[EventDate "2018.??.??"]

1. e4 e6 2. d4 d5 3. e5 c5 4. c3 Nc6 5. Nf3 Bd7 6. Be2 Nge7 7. O-O Ng6 8. Be3
Be7 9. Nbd2 O-O 10. a3 cxd4 11. cxd4 f6 12. exf6 Bxf6 13. Re1 Nce7 14. Bd3 Nf5
15. Qb3 Bc6 16. Nf1 Ngh4 17. Nxh4 Nxh4 18. Qc2 g6 19. Qd2 e5 20. dxe5 Bxe5 21.
Bh6 Re8 22. Ng3 Bf6 23. Qf4 Bd7 24. Rad1 Rxe1+ 25. Rxe1 Qb6 26. h3 Qd4 27. Qxd4
Bxd4 28. Re7 Bf5 29. Nxf5 Nxf5 30. Bxf5 gxf5 31. Rxb7 Re8 32. Kf1 Re6 33. Bd2
Bb6 34. Rd7 d4 35. b4 Rc6 36. a4 Rc2 37. Ke2 a5 38. Kd3 Ra2 39. Rb7 Ra3+ 40.
Kc4 Ra2 41. Kd3 Ra3+ 42. Kc2 Ra2+ 43. Kc1 1-0

[Event "2BLO 1718 Bindlach-Aktionär - SC NT Nür"]
[Site "?"]
[Date "2018.02.25"]
[Round "10.2"]
[White "Kriebel, Tadeas"]
[Black "Milov, Leonid"]
[Result "1-0"]
[WhiteElo "2513"]
[BlackElo "2447"]
[PlyCount "75"]
[EventDate "2018.??.??"]

1. c4 c6 2. e4 d5 3. exd5 cxd5 4. d4 Nf6 5. Nc3 Nc6 6. Nf3 Bg4 7. cxd5 Nxd5 8.
Qb3 Bxf3 9. gxf3 e6 10. Qxb7 Nxd4 11. Bb5+ Nxb5 12. Qc6+ Ke7 13. Qc5+ Ke8 14.
Qxb5+ Qd7 15. Nxd5 exd5 16. Qd3 f6 17. O-O Rd8 18. Bf4 Bd6 19. Rfe1+ Kf8 20.
Bg3 h5 21. Rac1 Bxg3 22. hxg3 h4 23. g4 Kf7 24. Rc5 Rhe8 25. Rxe8 Qxe8 26. Qh7
Qe7 27. b4 Qe5 28. Kg2 Re8 29. Qxh4 Kg8 30. Rc1 Kf7 31. Qh7 Rd8 32. Rc5 Re8 33.
a4 Rd8 34. a5 Qd6 35. a6 Rd7 36. Qh5+ Kg8 37. Qe8+ Kh7 38. Rc1 1-0

[Event "2BLO 1718 Bindlach-Aktionär - SC NT Nür"]
[Site "?"]
[Date "2018.02.25"]
[Round "10.3"]
[White "Yelisieiev, Yevhenii"]
[Black "Neuman, Petr"]
[Result "1/2-1/2"]
[WhiteElo "2378"]
[BlackElo "2440"]
[PlyCount "72"]
[EventDate "2018.??.??"]

1. d4 Nf6 2. Nf3 g6 3. g3 Bg7 4. Bg2 d5 5. O-O O-O 6. c4 c6 7. Ne5 Be6 8. Qb3
Qb6 9. c5 Qxb3 10. axb3 Nbd7 11. f4 Nxe5 12. fxe5 Ne4 13. Nc3 f6 14. exf6 Bxf6
15. e3 Nxc3 16. bxc3 Bf5 17. Ra4 e5 18. Rb4 Rab8 19. Bd2 Bd3 20. Ra1 a6 21. Bf1
Bxf1 22. Rxf1 Rf7 23. g4 Rbf8 24. Ra4 exd4 25. cxd4 h5 26. gxh5 gxh5 27. Raa1
Bh4 28. Rxf7 Rxf7 29. Rf1 Rg7+ 30. Kh1 Kh7 31. Be1 Bg5 32. Rf3 Bh6 33. Bg3 Kg6
34. Kg2 Rf7 35. Rxf7 Kxf7 36. Kf3 Ke6 1/2-1/2

[Event "2BLO 1718 Bindlach-Aktionär - SC NT Nür"]
[Site "?"]
[Date "2018.02.25"]
[Round "10.4"]
[White "Wall, Gavin"]
[Black "Mischustov, Michael"]
[Result "1-0"]
[WhiteElo "2337"]
[BlackElo "2323"]
[PlyCount "61"]
[EventDate "2018.??.??"]

1. e4 e6 2. d4 d5 3. e5 c5 4. c3 Nc6 5. Nf3 Qb6 6. a3 c4 7. Nbd2 f6 8. Be2 Qc7
9. exf6 Nxf6 10. O-O Bd6 11. b3 cxb3 12. c4 O-O 13. c5 Bf4 14. Nxb3 Bxc1 15.
Rxc1 Bd7 16. Re1 Rae8 17. Bb5 Nb8 18. a4 Ne4 19. Nbd2 Nxd2 20. Qxd2 a6 21. Bxd7
Qxd7 22. Ne5 Qc7 23. Rb1 Nd7 24. Nxd7 Qxd7 25. Rb6 Re7 26. Qb4 Rc8 27. f4 Rc6
28. a5 h6 29. Re5 Rf7 30. g3 Rf5 31. Rxb7 1-0

[Event "2BLO 1718 Bindlach-Aktionär - SC NT Nür"]
[Site "?"]
[Date "2018.02.25"]
[Round "10.5"]
[White "Promyshlyanskyy, Vitaliy"]
[Black "Paehtz, Thomas"]
[Result "0-1"]
[WhiteElo "2303"]
[BlackElo "2352"]
[PlyCount "78"]
[EventDate "2018.??.??"]

1. e4 e5 2. Nf3 Nc6 3. Bb5 a6 4. Ba4 Nf6 5. Qe2 b5 6. Bb3 Be7 7. c3 O-O 8. O-O
d6 9. Rd1 Bb7 10. d4 Qc8 11. Nbd2 h6 12. Nf1 Re8 13. Ng3 Bf8 14. Bd2 Na5 15.
Bc2 Nc4 16. Bc1 exd4 17. cxd4 Nxe4 18. Bxe4 Bxe4 19. Nxe4 d5 20. Nf6+ gxf6 21.
Qc2 Qg4 22. a3 Qe4 23. Qc3 a5 24. Bd2 b4 25. axb4 axb4 26. Qc1 Rxa1 27. Qxa1
Qc2 28. h3 Ra8 29. Qxa8 Qxd1+ 30. Be1 Nxb2 31. Kh2 Kg7 32. Bd2 Bd6+ 33. g3 Qxf3
34. Bxh6+ Kh7 35. Be3 Bxg3+ 36. Kg1 Nd3 37. Qe8 Bxf2+ 38. Bxf2 Qxf2+ 39. Kh1
Qe1+ 0-1

[Event "2BLO 1718 Bindlach-Aktionär - SC NT Nür"]
[Site "?"]
[Date "2018.02.25"]
[Round "10.6"]
[White "Krensing, Jan"]
[Black "Martin, Thomas"]
[Result "1-0"]
[WhiteElo "2332"]
[BlackElo "2279"]
[PlyCount "95"]
[EventDate "2018.??.??"]

1. d4 Nf6 2. c4 g6 3. g3 Bg7 4. Bg2 O-O 5. Nf3 d6 6. O-O Nc6 7. Nc3 a6 8. Bf4
Nd7 9. Qd2 Re8 10. Bg5 Rb8 11. Rac1 f6 12. Bh6 e5 13. Bxg7 Kxg7 14. dxe5 Ndxe5
15. Nd5 Nxf3+ 16. Bxf3 Ne5 17. Bg2 c6 18. Ne3 Nf7 19. Rfd1 Qe7 20. Qd4 Be6 21.
Rd2 Rbd8 22. b4 Rc8 23. Qb2 Ra8 24. Qd4 Qc7 25. Qb2 Rac8 26. Rdc2 Qb6 27. b5
cxb5 28. cxb5 Rxc2 29. Rxc2 axb5 30. Bd5 Bh3 31. Qc1 Re7 32. Bb3 Qd4 33. Nd5
Rd7 34. Nf4 Ng5 35. Rd2 Qe4 36. Bd5 Qe7 37. Rd3 Rc7 38. Qd1 Qe5 39. Nxh3 Nxh3+
40. Kg2 Qf5 41. Rf3 Qg5 42. Kxh3 Rc1 43. Qd4 Rg1 44. Bxb7 h5 45. Qf4 Qe5 46.
Re3 Qg5 47. Qxg5 fxg5 48. f3 1-0

[Event "2BLO 1718 Bindlach-Aktionär - SC NT Nür"]
[Site "?"]
[Date "2018.02.25"]
[Round "10.7"]
[White "Heimrath, Reiner"]
[Black "Loew, Gerald"]
[Result "0-1"]
[WhiteElo "2200"]
[BlackElo "2192"]
[PlyCount "120"]
[EventDate "2018.??.??"]

1. e4 d6 2. d4 Nf6 3. Nc3 e5 4. dxe5 dxe5 5. Qxd8+ Kxd8 6. Bc4 Be6 7. Bxe6 fxe6
8. Be3 Bd6 9. f3 a6 10. O-O-O Ke7 11. Nh3 Nbd7 12. Nf2 b5 13. Nd3 c5 14. Kb1
Rhc8 15. Nc1 c4 16. Rhe1 Rab8 17. Re2 Bc5 18. Bxc5+ Nxc5 19. a3 a5 20. N3a2 b4
21. axb4 axb4 22. b3 c3 23. Re3 Rc7 24. g3 Ra7 25. Red3 Ne8 26. Nxb4 Rxb4 27.
Rxc3 Rb5 28. Rd2 Nd6 29. Re2 Rba5 30. Kb2 Rb7 31. Kb1 Na4 32. Rd3 Nb5 33. Na2
Nc5 34. Rde3 Nd4 35. Rf2 Rba7 36. Nb4 Rb7 37. Na2 Nc6 38. f4 Nb4 39. Nc3 Nc6
40. f5 Nd4 41. g4 Nb5 42. Nxb5 Raxb5 43. g5 Rb4 44. Rfe2 Rd7 45. Ka2 Rd1 46.
Ka3 Rbd4 47. b4 Nd7 48. Rh3 Ra1+ 49. Kb2 Rg1 50. c3 Rdd1 51. f6+ gxf6 52. Rxh7+
Kd6 53. gxf6 Nxf6 54. Rh8 Rge1 55. Rc2 Rb1+ 56. Ka3 Nxe4 57. Ka4 Rec1 58. Rg2
Nxc3+ 59. Ka5 Kc6 60. Rc8+ Kb7 0-1

[Event "2BLO 1718 Bindlach-Aktionär - SC NT Nür"]
[Site "?"]
[Date "2018.02.25"]
[Round "10.8"]
[White "Delitzsch, Juergen"]
[Black "Epding, Olaf"]
[Result "1-0"]
[WhiteElo "2204"]
[BlackElo "2245"]
[PlyCount "101"]
[EventDate "2018.??.??"]

1. d4 d5 2. c4 e6 3. Nc3 Nf6 4. cxd5 exd5 5. Bg5 Be7 6. e3 c6 7. Qc2 Nbd7 8.
Bd3 h6 9. Bh4 Nh5 10. Bxe7 Qxe7 11. Nge2 Nb6 12. h3 Bd7 13. O-O-O O-O-O 14. Kb1
Kb8 15. Qb3 g5 16. a4 Be6 17. a5 Nc4 18. Qa4 Rc8 19. b3 b5 20. axb6 Nxb6 21.
Qa5 Ka8 22. Rd2 Rc7 23. Rc1 Rb8 24. Ka2 Ng7 25. Rdc2 Ne8 26. Ng3 Rcb7 27. Ba6
Rc7 28. Qa3 Qd8 29. Nd1 Bc8 30. Nb2 Nd6 31. Nd3 Bxa6 32. Qxa6 Rbc8 33. Nb4 Qd7
34. Nd3 Nb7 35. Ne5 Qe8 36. Nf5 c5 37. Kb2 Qe6 38. Ra1 Nd8 39. Ng7 Nc4+ 40.
bxc4 Qxa6 41. Rxa6 f6 42. Rxf6 Rxg7 43. cxd5 Rb8+ 44. Kc1 cxd4 45. exd4 h5 46.
Rf8 a5 47. Rb2 Nb7 48. Rf6 Rh8 49. Ra6+ Kb8 50. d6 Rhh7 51. d5 1-0

[Event "2BLO 1718 BCA Augsburg - SK Weilheim"]
[Site "?"]
[Date "2018.02.25"]
[Round "10.1"]
[White "Lehner, Oliver"]
[Black "Prusikin, Michael"]
[Result "0-1"]
[WhiteElo "2406"]
[BlackElo "2506"]
[PlyCount "44"]
[EventDate "2018.??.??"]

1. Nf3 Nf6 2. c4 g6 3. Nc3 Bg7 4. e4 d6 5. d4 O-O 6. h3 e5 7. d5 a5 8. Be3 Na6
9. Nd2 Bd7 10. g4 c6 11. Be2 Nc5 12. h4 cxd5 13. cxd5 b5 14. g5 Nh5 15. Bxc5
dxc5 16. Bxh5 gxh5 17. Qxh5 c4 18. Nd1 f5 19. Ne3 fxe4 20. g6 h6 21. Nxe4 Rf4
22. Nd6 Qf8 0-1

[Event "2BLO 1718 BCA Augsburg - SK Weilheim"]
[Site "?"]
[Date "2018.02.25"]
[Round "10.2"]
[White "Nestorovic, Nikola"]
[Black "Bayer, Bernhard"]
[Result "1/2-1/2"]
[WhiteElo "2504"]
[BlackElo "2420"]
[PlyCount "113"]
[EventDate "2018.??.??"]

1. e4 c6 2. d4 d5 3. e5 Bf5 4. g4 Bd7 5. Nc3 h5 6. gxh5 Nh6 7. Nge2 Bg4 8. Qd3
Bf5 9. Qd2 e6 10. Ng3 c5 11. Nce2 Nc6 12. c3 Qb6 13. Bg2 Bh7 14. O-O cxd4 15.
cxd4 Rc8 16. b3 Nb4 17. Ba3 Rc2 18. Qg5 Nf5 19. Nxf5 Bxf5 20. Bxb4 Qxb4 21.
Rac1 Kd7 22. Rxc2 Bxc2 23. Bxd5 Be7 24. Qg4 g6 25. Bg2 Rxh5 26. Qf3 Rf5 27. Qe3
Rg5 28. f4 Rg4 29. h3 Rh4 30. Rc1 Bf5 31. a3 Qb6 32. b4 Rh8 33. Kf1 Rc8 34.
Rxc8 Kxc8 35. Qc3+ Kb8 36. Ng3 a5 37. bxa5 Qb1+ 38. Ke2 Bc2 39. Kf2 Qa2 40. Kg1
Bxa3 41. a6 Qb2 42. Qxb2 Bxb2 43. Bxb7 Bxd4+ 44. Kg2 Ka7 45. Be4 Bb3 46. Ne2
Bb2 47. Bd3 f6 48. exf6 Bxf6 49. Kf3 e5 50. Nc3 Bg8 51. Nd1 Bd5+ 52. Kg3 exf4+
53. Kxf4 Be6 54. Nf2 Bh4 55. Ng4 g5+ 56. Ke5 Bxg4 57. hxg4 1/2-1/2

[Event "2BLO 1718 BCA Augsburg - SK Weilheim"]
[Site "?"]
[Date "2018.02.25"]
[Round "10.3"]
[White "Guttenthaler, Franz"]
[Black "Arnaudov, G. Petar"]
[Result "1/2-1/2"]
[WhiteElo "2324"]
[BlackElo "2448"]
[PlyCount "78"]
[EventDate "2018.??.??"]

1. c4 g6 2. d4 Nf6 3. Nc3 d5 4. Nf3 Bg7 5. cxd5 Nxd5 6. Qb3 Nb6 7. Bf4 O-O 8.
e3 Be6 9. Qd1 c5 10. dxc5 Nd5 11. Be5 Bxe5 12. Nxe5 Nxc3 13. Qxd8 Rxd8 14. bxc3
Rc8 15. Nd3 Nd7 16. Nf4 Nxc5 17. Nxe6 Nxe6 18. c4 Nc5 19. Be2 Rd8 20. Rd1 Rxd1+
21. Bxd1 Rd8 22. Bc2 Rd6 23. Ke2 Ra6 24. Bb3 Ra3 25. Rb1 e5 26. f3 Kf8 27. Rb2
Ke7 28. Kd2 Kd6 29. Kc2 a5 30. Rb1 Nxb3 31. axb3 Ra2+ 32. Rb2 Rxb2+ 33. Kxb2
Kc5 34. Ka3 b5 35. cxb5 Kxb5 36. g4 g5 37. Kb2 Kb4 38. Kc2 Ka3 39. Kc3 Ka2
1/2-1/2

[Event "2BLO 1718 BCA Augsburg - SK Weilheim"]
[Site "?"]
[Date "2018.02.25"]
[Round "10.4"]
[White "Pitl, Gregory"]
[Black "Deglmann, Ludwig"]
[Result "1/2-1/2"]
[WhiteElo "2393"]
[BlackElo "2277"]
[PlyCount "59"]
[EventDate "2018.??.??"]

1. Nf3 c5 2. e4 Nc6 3. d4 cxd4 4. Nxd4 g6 5. c4 Nf6 6. Nc3 Nxd4 7. Qxd4 d6 8.
Be3 Bg7 9. Be2 O-O 10. Qd2 a5 11. Rd1 a4 12. O-O Be6 13. Bd4 Qa5 14. f4 Rfc8
15. b3 axb3 16. axb3 Qb4 17. f5 Bd7 18. Qe3 Ra3 19. Bxf6 Bxf6 20. Nd5 Rxb3 21.
Qf2 Qc5 22. Nxf6+ exf6 23. Qxc5 Rxc5 24. Rxd6 Be8 25. fxg6 hxg6 26. Rfxf6 Re5
27. Bf3 Kg7 28. Rf4 Bc6 29. h4 Rc3 30. Rd4 1/2-1/2

[Event "2BLO 1718 BCA Augsburg - SK Weilheim"]
[Site "?"]
[Date "2018.02.25"]
[Round "10.5"]
[White "Lochte, Thomas"]
[Black "Stankovic, Milos"]
[Result "0-1"]
[WhiteElo "2160"]
[BlackElo "2409"]
[PlyCount "80"]
[EventDate "2018.??.??"]

1. e4 e6 2. d4 d5 3. Nc3 Nf6 4. Bg5 dxe4 5. Nxe4 Be7 6. Nxf6+ Bxf6 7. Bxf6 Qxf6
8. Nf3 c5 9. Bb5+ Bd7 10. Bxd7+ Nxd7 11. O-O O-O 12. c3 Rfd8 13. dxc5 Nxc5 14.
Qe2 Qf4 15. Rad1 Qa4 16. b3 Qe4 17. Rxd8+ Rxd8 18. Rd1 Rxd1+ 19. Qxd1 Nd3 20.
Kf1 h6 21. Nd4 Nf4 22. Nf3 Nd5 23. Qd2 b5 24. Nd4 Nf4 25. f3 Qb1+ 26. Kf2 g5
27. Nxb5 Qh1 28. Kg3 Qf1 29. Nd4 Kh7 30. h4 Qh1 31. hxg5 hxg5 32. Kf2 Qxg2+ 33.
Ke3 Qg1+ 34. Ke4 Kg6 35. b4 f6 36. Nc6 Qb1+ 37. Ke3 Nd5+ 38. Kf2 Qh1 39. c4
Qh2+ 40. Ke1 Qg1+ 0-1

[Event "2BLO 1718 BCA Augsburg - SK Weilheim"]
[Site "?"]
[Date "2018.02.25"]
[Round "10.6"]
[White "Schmittdiel, Eckhard"]
[Black "Fuchs, Georg"]
[Result "1-0"]
[WhiteElo "2433"]
[BlackElo "2219"]
[PlyCount "93"]
[EventDate "2018.??.??"]

1. Nf3 d5 2. d4 Nf6 3. Bg5 e6 4. Nbd2 Be7 5. e3 O-O 6. Bd3 b6 7. O-O c5 8. Ne5
Nfd7 9. Nxd7 Nxd7 10. Bxe7 Qxe7 11. f4 f6 12. Qh5 g6 13. Qf3 Bb7 14. c3 e5 15.
dxe5 fxe5 16. Qg3 c4 17. Bc2 e4 18. b4 Qg7 19. Ba4 b5 20. Bxb5 Nb6 21. a4 a6
22. a5 axb5 23. axb6 Rxa1 24. Rxa1 Qxc3 25. Ra7 Qxd2 26. Rxb7 d4 27. h3 Qc1+
28. Kh2 Qxe3 29. Rc7 Qxg3+ 30. Kxg3 e3 31. b7 e2 32. Kf2 Re8 33. Re7 Rxe7 34.
b8=Q+ Kg7 35. Ke1 d3 36. Qd6 Re4 37. g4 Re8 38. f5 gxf5 39. gxf5 Ra8 40. Qe5+
Kh6 41. Kf2 Ra6 42. h4 Kh5 43. f6+ Kg6 44. h5+ Kh6 45. f7 Ra8 46. Qf6+ Kxh5 47.
Qf3+ 1-0

[Event "2BLO 1718 BCA Augsburg - SK Weilheim"]
[Site "?"]
[Date "2018.02.25"]
[Round "10.7"]
[White "Shahin, Walid"]
[Black "Kukov, Velislav"]
[Result "1/2-1/2"]
[WhiteElo "2147"]
[BlackElo "2398"]
[PlyCount "42"]
[EventDate "2018.??.??"]

1. d4 Nf6 2. c4 c6 3. Nc3 d5 4. cxd5 cxd5 5. Bf4 Nc6 6. Nf3 Bf5 7. Rc1 e6 8. e3
Be7 9. Bb5 O-O 10. Bxc6 bxc6 11. O-O Bg4 12. Na4 Rc8 13. h3 Bxf3 14. Qxf3 Ne4
15. Qd1 g5 16. Bh2 f5 17. Be5 Bf6 18. Nc5 Nxc5 19. Bxf6 Rxf6 20. Rxc5 Rh6 21.
Qf3 Rg6 1/2-1/2

[Event "2BLO 1718 BCA Augsburg - SK Weilheim"]
[Site "?"]
[Date "2018.02.25"]
[Round "10.8"]
[White "Lipok, Christoph"]
[Black "Binder, Moriz"]
[Result "0-1"]
[WhiteElo "2280"]
[BlackElo "2197"]
[PlyCount "28"]
[EventDate "2018.??.??"]

1. d4 d5 2. c4 e6 3. Nc3 c6 4. e3 f5 5. Bd3 Nf6 6. Nge2 Bd6 7. O-O O-O 8. f3 b6
9. Qe1 Ba6 10. b3 Nbd7 11. Nf4 Re8 12. Qh4 Nf8 13. Bb2 Bxf4 14. Qxf4 Nh5 0-1

[Event "2BLO 1718 Erfurter SK - SC Erlangen"]
[Site "?"]
[Date "2018.02.25"]
[Round "10.1"]
[White "Klek, Hanna Marie"]
[Black "Braeuer, Franz"]
[Result "0-1"]
[WhiteElo "2349"]
[BlackElo "2407"]
[PlyCount "152"]
[EventDate "2018.??.??"]

1. e4 e5 2. Bc4 Nf6 3. d3 Nc6 4. Nf3 Bc5 5. O-O d6 6. a4 a5 7. c3 Bb6 8. Qb3
O-O 9. Be3 Bxe3 10. fxe3 h6 11. Nbd2 Ne7 12. d4 Ng6 13. Rf2 Qe7 14. Raf1 b6 15.
h3 Bb7 16. Nh2 Bc8 17. Re1 Bd7 18. Nhf1 Qe8 19. Ra1 Be6 20. Ng3 Nh7 21. Nf3 Rc8
22. Raf1 Bxc4 23. Qxc4 Kh8 24. Kh2 f6 25. Ra1 Qf7 26. Qxf7 Rxf7 27. h4 Re7 28.
d5 Ree8 29. Nf5 Ngf8 30. b4 Ra8 31. Nd2 h5 32. Nc4 g6 33. Ng3 Nd7 34. Rfa2 Ra7
35. Kh3 Kg7 36. Ra3 Rea8 37. Nd2 Kh6 38. Nb3 Nhf8 39. R3a2 Nb8 40. Nc1 Nbd7 41.
Nd3 Rc8 42. Nb2 Kg7 43. Nc4 Kf7 44. Nf1 Ke7 45. Nfd2 c6 46. Rb1 cxd5 47. exd5
f5 48. bxa5 bxa5 49. Rb5 Rc5 50. Rxc5 Nxc5 51. Na3 Ra6 52. Nb5 Kd7 53. Kg3 Nh7
54. Kf3 Nf6 55. c4 Ra8 56. Ke2 Ke7 57. Ra1 Nfd7 58. Kf3 Nb6 59. Nc3 Rc8 60. Rb1
Ncd7 61. Ke2 Nxc4 62. Kd3 Nxe3 63. Rb5 Nxg2 64. Rxa5 Nf4+ 65. Kc2 Ne2 66. Ndb1
f4 67. Kd2 Nxc3 68. Nxc3 Nc5 69. Ra7+ Kf6 70. Nb5 e4 71. Nxd6 Rd8 72. Nc4 Rxd5+
73. Ke2 Rd4 74. Nb6 f3+ 75. Kf2 Rd2+ 76. Ke3 f2 0-1

[Event "2BLO 1718 Erfurter SK - SC Erlangen"]
[Site "?"]
[Date "2018.02.25"]
[Round "10.2"]
[White "Votava, Jan"]
[Black "Wenninger, Philipp"]
[Result "1-0"]
[WhiteElo "2528"]
[BlackElo "2376"]
[PlyCount "59"]
[EventDate "2018.??.??"]

1. d4 d5 2. c4 e6 3. Nc3 c6 4. e3 Nf6 5. Nf3 Nbd7 6. Qc2 Bd6 7. Bd3 dxc4 8.
Bxc4 b5 9. Bd3 Bb7 10. O-O O-O 11. a3 Rc8 12. b4 c5 13. dxc5 Nxc5 14. bxc5 Bxf3
15. cxd6 Ng4 16. Bxh7+ Kh8 17. Be4 Qxd6 18. g3 Bxe4 19. Qxe4 f5 20. Nxb5 Qd7
21. Qb4 Ne5 22. Nd4 Rf6 23. f4 Ng4 24. h3 Rh6 25. hxg4 Qd5 26. Nf3 fxg4 27. Qd4
gxf3 28. Qxd5 exd5 29. Rxf3 Rc2 30. Rf2 1-0

[Event "2BLO 1718 Erfurter SK - SC Erlangen"]
[Site "?"]
[Date "2018.02.25"]
[Round "10.3"]
[White "Hilverda, Alexander"]
[Black "Haba, Petr"]
[Result "1/2-1/2"]
[WhiteElo "2362"]
[BlackElo "2443"]
[PlyCount "27"]
[EventDate "2018.??.??"]

1. Nf3 d5 2. d4 Nf6 3. c4 e6 4. g3 Be7 5. Bg2 O-O 6. O-O dxc4 7. Qc2 b6 8. Bg5
Nd5 9. Bxe7 Qxe7 10. Qxc4 Ba6 11. Qc2 Nd7 12. Nc3 Nxc3 13. bxc3 c5 14. Rfe1
1/2-1/2

[Event "2BLO 1718 Erfurter SK - SC Erlangen"]
[Site "?"]
[Date "2018.02.25"]
[Round "10.4"]
[White "Enders, Peter"]
[Black "Miller, Eduard"]
[Result "1-0"]
[WhiteElo "2434"]
[BlackElo "2334"]
[PlyCount "89"]
[EventDate "2018.??.??"]

1. b3 e5 2. Bb2 d6 3. e3 Nf6 4. d4 exd4 5. Qxd4 Nc6 6. Bb5 Be7 7. Nc3 O-O 8.
Qd2 Bf5 9. Bxc6 bxc6 10. Nge2 Re8 11. Ng3 Bg6 12. O-O d5 13. Nce2 Bd6 14. Nf4
Be5 15. Bxe5 Rxe5 16. Rac1 Ne4 17. Nxe4 Rxe4 18. Rfd1 Qf6 19. f3 Re5 20. c4
Rae8 21. Re1 Qd6 22. cxd5 cxd5 23. Qd4 Bf5 24. Qc5 g5 25. Qxd6 cxd6 26. Nh5
R5e6 27. Ng3 Bg6 28. Kf2 f5 29. Nf1 f4 30. exf4 Rxe1 31. Rxe1 Rxe1 32. Kxe1
gxf4 33. g3 fxg3 34. Nxg3 Kf7 35. Kd2 Kf6 36. Ke3 Bb1 37. a3 Kg5 38. Ne2 Kh4
39. Kf2 Kh3 40. Kg1 Bc2 41. Nd4 Bd3 42. b4 a6 43. a4 h5 44. a5 Kh4 45. b5 1-0

[Event "2BLO 1718 Erfurter SK - SC Erlangen"]
[Site "?"]
[Date "2018.02.25"]
[Round "10.5"]
[White "Ott, Florian"]
[Black "Troyke, Christian"]
[Result "1/2-1/2"]
[WhiteElo "2315"]
[BlackElo "2348"]
[PlyCount "141"]
[EventDate "2018.??.??"]

1. d4 Nf6 2. c4 g6 3. Nc3 Bg7 4. e4 O-O 5. Be2 d6 6. Bg5 c5 7. d5 h6 8. Bf4 e6
9. dxe6 Bxe6 10. Qd2 Qb6 11. Nf3 Nc6 12. O-O Nd4 13. Nxd4 cxd4 14. Nd5 Bxd5 15.
exd5 g5 16. Bg3 Ne4 17. Qc2 Nxg3 18. hxg3 d3 19. Qxd3 Qxb2 20. Rab1 Qd4 21. Qf5
Qe5 22. Qxe5 Bxe5 23. Rxb7 Bd4 24. Bh5 Rab8 25. Rd7 Bc5 26. Kh2 Kg7 27. Re1
Rbd8 28. Rxd8 Rxd8 29. Re7 Rf8 30. Rd7 Kg8 31. Kh3 f5 32. f3 Rf6 33. Rd8+ Rf8
34. Rxf8+ Kxf8 35. Bg6 f4 36. gxf4 gxf4 37. Kg4 Kg7 38. Bh5 Kf6 39. Kxf4 Ba3
40. Be8 Bc5 41. Ba4 Bb6 42. Bc2 Bc5 43. Bb3 Bb6 44. Kg4 Be3 45. Kh5 Kg7 46. Bc2
Bc5 47. Kg4 Kf6 48. Kf4 Ba3 49. Ba4 Bc5 50. Bd7 Bb6 51. Bc8 Bc5 52. Bh3 Bb6 53.
Ke4 Bc5 54. Bc8 Bb6 55. Kd3 Ke5 56. Kc3 Bc5 57. Bg4 Kf4 58. Kb3 Ke5 59. Kc3 Kf4
60. Kb3 Ke5 61. Ka4 Kf6 62. Kb5 Ke7 63. a4 Bd4 64. a5 Bc5 65. Kc6 Be3 66. Bh3
Bd4 67. a6 Be3 68. Kb5 Kf6 69. Kb4 Bc5+ 70. Kc3 Ke5 71. Kd3 1/2-1/2

[Event "2BLO 1718 Erfurter SK - SC Erlangen"]
[Site "?"]
[Date "2018.02.25"]
[Round "10.6"]
[White "Heinzel, Olaf"]
[Black "Merkert, Maximilian"]
[Result "0-1"]
[WhiteElo "2363"]
[BlackElo "2243"]
[PlyCount "54"]
[EventDate "2018.??.??"]

1. d4 Nc6 2. Nf3 d6 3. h3 g6 4. b3 Bg7 5. Bb2 f5 6. e3 Nf6 7. a3 O-O 8. Bc4+ e6
9. Nbd2 Qe7 10. b4 a6 11. Ba2 b5 12. c4 bxc4 13. Nxc4 Bb7 14. O-O Ne4 15. Nfd2
Nd8 16. Na5 Bd5 17. Nxe4 fxe4 18. Bxd5 exd5 19. Qb3 Qe6 20. Rac1 Nf7 21. Rxc7
Ng5 22. Nc6 Rad8 23. b5 axb5 24. Qxb5 Rf5 25. Qb7 Bf8 26. Kh2 Nf3+ 27. Kh1 Rh5
0-1